[Event "Winnipeg TNT May op"]
[Site "Winnipeg CAN"]
[Date "2004.05.18"]
[Round "3"]
[White "Czypinski, Jaroslaw"]
[Black "Babb, Jeff"]
[Result "1/2-1/2"]
[WhiteElo "1901"]
[BlackElo "2142"]
[PlyCount "97"]
[GameId "2160767911158271"]
[EventDate "2004.05.04"]
[EventType "swiss"]
[EventRounds "4"]
[EventCountry "CAN"]
[SourceTitle "EXT 2005"]
[Source "ChessBase"]
[SourceDate "2004.11.15"]
[SourceVersion "1"]
[SourceVersionDate "2004.11.15"]
[SourceQuality "1"]

1. e4 d6 2. d4 Nf6 3. Nc3 g6 4. Nf3 Bg7 5. Be2 O-O 6. O-O Bg4 7. h3 Bxf3 8. Bxf3 e5 9. dxe5 dxe5 10. Bg5 c6 11. Qe2 Qb6 12. Na4 Qa5 13. b3 Nbd7 14. Bd2 Qc7 15. Be3 Rfe8 16. Rfd1 Nf8 17. Rd3 Ne6 18. Rad1 b6 19. g3 Rad8 20. c3 Bf8 21. c4 c5 22. Rxd8 Rxd8 23. Rxd8 Qxd8 24. Nc3 Nd4 25. Bxd4 cxd4 26. Nd5 Nxd5 27. cxd5 Qc8 28. Qc4 Qxc4 29. bxc4 f5 30. Kf1 Kf7 31. Ke2 Kf6 32. Kd3 Bb4 33. Bg2 Kg5 34. f4+ Kf6 35. fxe5+ Kxe5 36. exf5 gxf5 37. Ke2 Bc5 38. Kd3 Be7 39. Bf3 Bf6 40. Be2 Kd6 41. Bh5 Kc5 42. Bf7 Be5 43. Be6 Bxg3 44. Bxf5 h6 45. Bd7 a6 46. a4 h5 47. Be8 h4 48. Bd7 Bf2 49. Be8 1/2-1/2

[Event "Winnipeg TNT May op"]
[Site "Winnipeg CAN"]
[Date "2004.05.18"]
[Round "3"]
[White "Estabrooks, Mike"]
[Black "Valgardson, Andrew"]
[Result "1-0"]
[WhiteElo "1682"]
[BlackElo "1494"]
[PlyCount "87"]
[GameId "2160767911158272"]
[EventDate "2004.05.04"]
[EventType "swiss"]
[EventRounds "4"]
[EventCountry "CAN"]

1. e4 e5 2. Nf3 Nc6 3. Bb5 Nf6 4. d3 Bc5 5. Bxc6 dxc6 6. O-O Qe7 7. Be3 Bxe3 8. fxe3 Bg4 9. Nc3 O-O 10. h3 Bh5 11. Qe1 Rad8 12. Qg3 Rfe8 13. Rf2 Rd6 14. Nh4 Bg6 15. Nf5 Bxf5 16. Rxf5 Nd7 17. Raf1 Rg6 18. Qf3 Rf6 19. a3 Rxf5 20. exf5 Nf6 21. Ne4 Rd8 22. g4 Nxe4 23. Qxe4 f6 24. Qb4 Qxb4 25. axb4 b5 26. Ra1 Ra8 27. Ra6 Kf7 28. Rxc6 Rc8 29. b3 Ke7 30. c4 bxc4 31. bxc4 Kd7 32. b5 Rb8 33. Kf2 Rb6 34. Rc5 Kd6 35. Rd5+ Ke7 36. Kf3 Rd6 37. Ke4 Rxd5 38. Kxd5 Kd7 39. d4 exd4 40. exd4 h6 41. c5 Kc8 42. Kc6 Kb8 43. d5 Kc8 44. h4 1-0

[Event "Winnipeg TNT May op"]
[Site "Winnipeg CAN"]
[Date "2004.05.18"]
[Round "3"]
[White "Lauritson, Jim"]
[Black "Schulz, Waldemar"]
[Result "1/2-1/2"]
[WhiteElo "1937"]
[BlackElo "2132"]
[PlyCount "111"]
[GameId "2160767911158274"]
[EventDate "2004.05.04"]
[EventType "swiss"]
[EventRounds "4"]
[EventCountry "CAN"]
[SourceTitle "EXT 2005"]
[Source "ChessBase"]
[SourceDate "2004.11.15"]
[SourceVersion "1"]
[SourceVersionDate "2004.11.15"]
[SourceQuality "1"]

1. e4 c5 2. Nf3 e6 3. d4 cxd4 4. Nxd4 a6 5. Be2 Nf6 6. Nc3 d6 7. O-O Be7 8. Be3 O-O 9. f4 Qc7 10. Bf3 Nc6 11. g4 Nxd4 12. Bxd4 Nd7 13. g5 b5 14. a3 Bb7 15. Bg2 Rac8 16. Qh5 d5 17. e5 Bc5 18. Ne2 Rfe8 19. Rf3 Nf8 20. Raf1 Qb6 21. c3 Re7 22. Kh1 Rcc7 23. R1f2 a5 24. Bf1 b4 25. Bxc5 Qxc5 26. axb4 axb4 27. Nd4 bxc3 28. bxc3 Qa5 29. Qh3 Ng6 30. Bd3 Nf8 31. Bb1 g6 32. Rc2 Qb6 33. Qf1 Ba6 34. Qc1 Rb7 35. Ba2 Rec7 36. Rff2 Bd3 37. Rcd2 Be4+ 38. Kg1 Qc5 39. Rb2 Rxb2 40. Qxb2 Qxc3 41. Qxc3 Rxc3 42. Rd2 Rd3 43. Rxd3 Bxd3 44. Kf2 Nd7 45. Ke3 Ba6 46. Bb3 Nb6 47. Nc6 Bb5 48. Na5 Nc8 49. Kd4 Ne7 50. Bc2 h6 51. h4 h5 52. Kc5 Be2 53. Nb3 Bg4 54. Nd4 Bf5 55. Ba4 Bh3 56. Bc2 1/2-1/2

[Event "Winnipeg TNT May op"]
[Site "Winnipeg CAN"]
[Date "2004.05.18"]
[Round "3"]
[White "Lipnowski, Samuel"]
[Black "Costales, Servillano"]
[Result "1-0"]
[WhiteElo "2110"]
[BlackElo "1716"]
[PlyCount "75"]
[GameId "2160767911158275"]
[EventDate "2004.05.04"]
[EventType "swiss"]
[EventRounds "4"]
[EventCountry "CAN"]
[SourceTitle "EXT 2005"]
[Source "ChessBase"]
[SourceDate "2004.11.15"]
[SourceVersion "1"]
[SourceVersionDate "2004.11.15"]
[SourceQuality "1"]

1. e4 e6 2. d4 d6 3. f4 Ne7 4. c4 g6 5. Nf3 Bg7 6. Nc3 Nd7 7. Be3 Nf6 8. Bd3 a6 9. Qe2 O-O 10. O-O-O Bd7 11. h3 c6 12. g4 b5 13. g5 Nh5 14. Qf2 bxc4 15. Bxc4 Qc7 16. Kb1 Rfb8 17. Rd2 d5 18. Bd3 Nxf4 19. Ne5 Bxe5 20. dxe5 Nxd3 21. Rxd3 Rb4 22. Bc5 dxe4 23. Rxd7 Rxb2+ 24. Qxb2 Qxd7 25. Rd1 Nd5 26. Nxe4 Qd8 27. Nf6+ Kg7 28. Ka1 Rb8 29. Qd4 Qa5 30. Bd6 Rc8 31. Ne4 Qb5 32. Rb1 Qe2 33. Nc3 Qg2 34. Nxd5 cxd5 35. Be7 h6 36. gxh6+ Kh7 37. Qf4 Rc2 38. Qxf7+ 1-0

[Event "Winnipeg TNT May op"]
[Site "Winnipeg CAN"]
[Date "2004.05.18"]
[Round "3"]
[White "Moffat, Ron"]
[Black "Anderson, George"]
[Result "1-0"]
[WhiteElo "1718"]
[BlackElo "1503"]
[PlyCount "57"]
[GameId "2160767911158277"]
[EventDate "2004.05.04"]
[EventType "swiss"]
[EventRounds "4"]
[EventCountry "CAN"]
[SourceTitle "EXT 2005"]
[Source "ChessBase"]
[SourceDate "2004.11.15"]
[SourceVersion "1"]
[SourceVersionDate "2004.11.15"]
[SourceQuality "1"]

1. d4 f5 2. c4 Nf6 3. g3 g6 4. Bg2 Bg7 5. Nc3 d6 6. e3 Nbd7 7. Nge2 c5 8. O-O O-O 9. Nf4 Qb6 10. Ne6 cxd4 11. Nxf8 dxc3 12. Nxd7 Nxd7 13. Rb1 cxb2 14. Bxb2 Bxb2 15. Qc2 e5 16. Rxb2 Qa6 17. Rfb1 e4 18. Rd1 Nc5 19. Bf1 Be6 20. Qc1 Rd8 21. Rbd2 Rd7 22. Qb2 Kf7 23. Qh8 Bxc4 24. Qxh7+ Kf6 25. Qh8+ Kf7 26. Bxc4+ Qxc4 27. Rxd6 Rxd6 28. Rxd6 Ne6 29. Rd7# 1-0

[Event "Winnipeg TNT May op"]
[Site "Winnipeg CAN"]
[Date "2004.05.18"]
[Round "3"]
[White "Reimer, Bruce"]
[Black "Silva, T Romero"]
[Result "0-1"]
[WhiteElo "1357"]
[BlackElo "1661"]
[PlyCount "68"]
[GameId "2160767911158279"]
[EventDate "2004.05.04"]
[EventType "swiss"]
[EventRounds "4"]
[EventCountry "CAN"]
[SourceTitle "EXT 2005"]
[Source "ChessBase"]
[SourceDate "2004.11.15"]
[SourceVersion "1"]
[SourceVersionDate "2004.11.15"]
[SourceQuality "1"]

1. c4 Nf6 2. g3 c5 3. Bg2 Nc6 4. Nc3 e6 5. e3 Rb8 6. Nge2 Be7 7. O-O O-O 8. d4 cxd4 9. exd4 d5 10. cxd5 exd5 11. Nf4 Bg4 12. Qd2 Bb4 13. a3 Bxc3 14. Qxc3 Rc8 15. Qd3 Qa5 16. Bd2 Qd8 17. Rac1 Qd7 18. h3 Bf5 19. Qc3 Ne5 20. Qb3 Nc4 21. Be3 b5 22. g4 Be4 23. f3 Bg6 24. Nxg6 fxg6 25. Rfe1 a6 26. Bf2 Kh8 27. Bf1 Rce8 28. Bxc4 dxc4 29. Qd1 Nd5 30. Qd2 Rxf3 31. Rxe8+ Qxe8 32. Re1 Qf7 33. Re5 h6 34. Qe1 Rxh3 0-1

[Event "Winnipeg TNT May op"]
[Site "Winnipeg CAN"]
[Date "2004.05.18"]
[Round "3"]
[White "Zaczek, Jonathon"]
[Black "Milord, Frank"]
[Result "1-0"]
[WhiteElo "1924"]
[BlackElo "1561"]
[PlyCount "71"]
[GameId "2160767911158280"]
[EventDate "2004.05.04"]
[EventType "swiss"]
[EventRounds "4"]
[EventCountry "CAN"]
[SourceTitle "EXT 2005"]
[Source "ChessBase"]
[SourceDate "2004.11.15"]
[SourceVersion "1"]
[SourceVersionDate "2004.11.15"]
[SourceQuality "1"]

1. e4 d6 2. d4 Nf6 3. Nc3 g6 4. f4 Bg7 5. Nf3 c5 6. Be3 O-O 7. Be2 cxd4 8. Nxd4 a6 9. Qd2 Nbd7 10. Nb3 b5 11. Bf3 b4 12. Ne2 Ne8 13. Nbd4 e5 14. Nc6 Qf6 15. f5 d5 16. exd5 Qd6 17. fxg6 fxg6 18. O-O Nef6 19. Ng3 a5 20. Rae1 Ba6 21. Be2 Nc5 22. Bxa6 Rxa6 23. c4 bxc3 24. bxc3 Ng4 25. c4 Rxf1+ 26. Rxf1 Nxe3 27. Qxe3 Rxc6 28. dxc6 Qxc6 29. Qd2 Ne6 30. Qd5 Qxd5 31. cxd5 Ng5 32. Rb1 Bf8 33. Rb7 a4 34. Kf2 a3 35. Ke3 Nf7 36. Ne4 1-0

[Event "Winnipeg TNT May op"]
[Site "Winnipeg CAN"]
[Date "2004.05.25"]
[Round "4"]
[White "Anderson, George"]
[Black "Nair, Krishnan"]
[Result "0-1"]
[WhiteElo "1503"]
[BlackElo "1285"]
[PlyCount "74"]
[GameId "2160767911158281"]
[EventDate "2004.05.04"]
[EventType "swiss"]
[EventRounds "4"]
[EventCountry "CAN"]
[SourceTitle "EXT 2005"]
[Source "ChessBase"]
[SourceDate "2004.11.15"]
[SourceVersion "1"]
[SourceVersionDate "2004.11.15"]
[SourceQuality "1"]

1. e4 e5 2. Nf3 Nc6 3. d4 Bd6 4. Bc4 Qf6 5. O-O Nh6 6. dxe5 Nxe5 7. Nxe5 Bxe5 8. f4 Bd4+ 9. Kh1 Bxb2 10. Bxb2 Qxb2 11. Nd2 Qd4 12. Qe2 d6 13. Nf3 Qc5 14. f5 O-O 15. h3 Re8 16. f6 Nf5 17. Kh2 Ne3 18. Bd3 Nxf1+ 19. Rxf1 gxf6 20. Nd2 Re5 21. Nb3 Qc3 22. Rxf6 Rg5 23. Qf3 Qe5+ 24. Kg1 Bxh3 25. Bf1 Be6 26. Rh6 Bxb3 27. axb3 Rf8 28. Qh3 Qd4+ 29. Kh1 Qxe4 30. Qd3 Qxd3 31. Bxd3 f5 32. Re6 f4 33. Re7 Rg7 34. Re6 f3 35. gxf3 Rxf3 36. Re8+ Kf7 37. Rc8 Rh3# 0-1

[Event "Winnipeg TNT May op"]
[Site "Winnipeg CAN"]
[Date "2004.05.25"]
[Round "4"]
[White "Babb, Jeff"]
[Black "Lauritson, Jim"]
[Result "1-0"]
[WhiteElo "2142"]
[BlackElo "1937"]
[PlyCount "125"]
[GameId "2160767911158282"]
[EventDate "2004.05.04"]
[EventType "swiss"]
[EventRounds "4"]
[EventCountry "CAN"]
[SourceTitle "EXT 2005"]
[Source "ChessBase"]
[SourceDate "2004.11.15"]
[SourceVersion "1"]
[SourceVersionDate "2004.11.15"]
[SourceQuality "1"]

1. d4 f5 2. g3 Nf6 3. Bg2 g6 4. c3 Bg7 5. Qb3 d5 6. Nh3 c6 7. Nf4 Qb6 8. Nd2 Qxb3 9. axb3 Kf7 10. Nf3 Ne4 11. h4 Nd7 12. Nd3 b6 13. b4 Bb7 14. O-O c5 15. bxc5 bxc5 16. Nxc5 Ndxc5 17. dxc5 Nxc5 18. Ng5+ Kf6 19. Be3 Ne6 20. Nxe6 Kxe6 21. Bxa7 Kd6 22. Rfd1 Rhc8 23. Ra5 e6 24. Rda1 Bf6 25. e3 h6 26. Bf1 g5 27. hxg5 hxg5 28. Rb5 Bc6 29. Rba5 Kd7 30. Bd4 Bxd4 31. Rxa8 Bxa8 32. exd4 Bc6 33. Ra7+ Kd6 34. f3 e5 35. b4 exd4 36. cxd4 Rb8 37. Rg7 Rxb4 38. Rg6+ Kc7 39. Rxg5 Bd7 40. Bh3 Rxd4 41. Bxf5 Bxf5 42. Rxf5 Kd6 43. Kf2 Ke6 44. Ke3 Ra4 45. g4 Rb4 46. f4 Ra4 47. Re5+ Kd6 48. g5 Ra3+ 49. Ke2 d4 50. Re8 Rg3 51. Re5 Kc6 52. Kf2 d3 53. Re8 Kd7 54. Re4 Rh3 55. Kg2 Rh8 56. Rd4+ Ke6 57. Rxd3 Kf5 58. Kg3 Rh1 59. Rd5+ Kg6 60. Rd6+ Kg7 61. Kg4 Ra1 62. Rd5 Ra4 63. Rb5 1-0

[Event "Winnipeg TNT May op"]
[Site "Winnipeg CAN"]
[Date "2004.05.25"]
[Round "4"]
[White "Estabrooks, Mike"]
[Black "Cleto, Sam"]
[Result "1/2-1/2"]
[WhiteElo "1682"]
[BlackElo "1903"]
[PlyCount "94"]
[GameId "2160767911158283"]
[EventDate "2004.05.04"]
[EventType "swiss"]
[EventRounds "4"]
[EventCountry "CAN"]
[SourceTitle "EXT 2005"]
[Source "ChessBase"]
[SourceDate "2004.11.15"]
[SourceVersion "1"]
[SourceVersionDate "2004.11.15"]
[SourceQuality "1"]

1. f4 e5 2. fxe5 Qh4+ 3. g3 Qe4 4. Nf3 d6 5. d3 Qb4+ 6. Qd2 Qb6 7. Qe3 dxe5 8. Qxe5+ Be6 9. Be3 c5 10. Bg2 Be7 11. Qc3 Nd7 12. d4 Ngf6 13. dxc5 Qc7 14. Nbd2 O-O 15. Bf4 Qxc5 16. Qxc5 Bxc5 17. Ng5 h6 18. Nxe6 fxe6 19. Ne4 Nxe4 20. Bxe4 e5 21. Bd2 Bf2+ 22. Kd1 Nc5 23. Bd5+ Kh8 24. Bb4 Rad8 25. c4 b6 26. Rf1 e4 27. Bxc5 Bxc5 28. Rxf8+ Rxf8 29. Kd2 e3+ 30. Kd3 a5 31. a3 Rf2 32. h4 g5 33. hxg5 hxg5 34. Rb1 Bd6 35. Kxe3 Bxg3 36. Rg1 Bh4 37. Bf3 Rh2 38. Rh1 Rxh1 39. Bxh1 Kg7 40. Bf3 Kf6 41. b4 axb4 42. axb4 Ke5 43. c5 bxc5 44. bxc5 g4 45. c6 gxf3 46. c7 f2 47. c8=Q f1=Q 1/2-1/2

[Event "Winnipeg TNT May op"]
[Site "Winnipeg CAN"]
[Date "2004.05.25"]
[Round "4"]
[White "Milord, Frank"]
[Black "Valgardson, Andrew"]
[Result "1-0"]
[WhiteElo "1561"]
[BlackElo "1494"]
[PlyCount "61"]
[GameId "2160767911158284"]
[EventDate "2004.05.04"]
[EventType "swiss"]
[EventRounds "4"]
[EventCountry "CAN"]

1. e4 e5 2. Nf3 Nc6 3. Bb5 Bc5 4. O-O d6 5. d4 exd4 6. Nxd4 Bd7 7. Bxc6 Bxc6 8. Nxc6 bxc6 9. Qg4 Qf6 10. Nc3 Nh6 11. Qh3 Rb8 12. Bxh6 gxh6 13. Na4 Qe5 14. Nxc5 Qxc5 15. Qxh6 Rxb2 16. Qf6 Qe5 17. Qxe5+ dxe5 18. Rab1 Rxa2 19. Rb8+ Kd7 20. Rxh8 Rxc2 21. g3 a5 22. Ra1 Rc5 23. Ra8 Rb5 24. R8xa5 Rxa5 25. Rxa5 Kd6 26. Kf1 c5 27. Ke2 Kc6 28. Kd3 Kb6 29. Ra8 Kb5 30. Kc3 c4 31. Rf8 1-0

[Event "Winnipeg TNT May op"]
[Site "Winnipeg CAN"]
[Date "2004.05.25"]
[Round "4"]
[White "Moffat, Ron"]
[Black "Silva, T Romero"]
[Result "1-0"]
[WhiteElo "1718"]
[BlackElo "1661"]
[PlyCount "66"]
[GameId "2160767911158286"]
[EventDate "2004.05.04"]
[EventType "swiss"]
[EventRounds "4"]
[EventCountry "CAN"]
[SourceTitle "EXT 2005"]
[Source "ChessBase"]
[SourceDate "2004.11.15"]
[SourceVersion "1"]
[SourceVersionDate "2004.11.15"]
[SourceQuality "1"]

1. d4 Nf6 2. c4 e6 3. Nc3 d5 4. g3 c6 5. Bg2 Nbd7 6. Nf3 Bb4 7. O-O O-O 8. Qc2 Re8 9. Bg5 h6 10. Bd2 a5 11. Ne5 Nxe5 12. dxe5 Nd7 13. a3 Bf8 14. f4 Nb6 15. cxd5 exd5 16. Rad1 Ra6 17. Kh1 Bg4 18. h3 Bd7 19. Bc1 Qc8 20. Kh2 h5 21. e4 dxe4 22. Nxe4 Bf5 23. Qf2 Rd8 24. Qe2 Nd5 25. Qxh5 g6 26. Qe2 Be7 27. g4 Be6 28. Qf3 Rf8 29. f5 Bd7 30. f6 Bd8 31. Qg3 Bc7 32. Kh1 Qb8 33. Qh4 Bxe5 1-0

[Event "Winnipeg TNT May op"]
[Site "Winnipeg CAN"]
[Date "2004.05.25"]
[Round "4"]
[White "Mor, Shai"]
[Black "Degroot, Stephen"]
[Result "1/2-1/2"]
[WhiteElo "1398"]
[BlackElo "1527"]
[PlyCount "79"]
[GameId "2160767911158287"]
[EventDate "2004.05.04"]
[EventType "swiss"]
[EventRounds "4"]
[EventCountry "CAN"]
[SourceTitle "EXT 2005"]
[Source "ChessBase"]
[SourceDate "2004.11.15"]
[SourceVersion "1"]
[SourceVersionDate "2004.11.15"]
[SourceQuality "1"]

1. e4 c5 2. c4 d6 3. Nc3 Nc6 4. g3 Nf6 5. Bg2 e5 6. h3 g6 7. d3 Be6 8. Nf3 Qd7 9. Ng5 Bg7 10. Nxe6 fxe6 11. O-O O-O 12. f4 exf4 13. Bxf4 Nh5 14. Ne2 Nxf4 15. Rxf4 Rxf4 16. Nxf4 Bxb2 17. Rb1 Bg7 18. Qg4 Re8 19. h4 Ne5 20. Qd1 a6 21. Bh3 Nc6 22. Qg4 Ne5 23. Qxe6+ Qxe6 24. Nxe6 Nxd3 25. Nxg7 Kxg7 26. Rxb7+ Kg8 27. Rb6 Rxe4 28. Rxd6 Nb4 29. a3 Nc2 30. Be6+ Kf8 31. Rxa6 Re3 32. Kf2 Rxa3 33. Rxa3 Nxa3 34. Ke3 Ke7 35. Bg8 h6 36. Kd3 Kf6 37. Ke4 g5 38. Kd5 gxh4 39. gxh4 Kg6 40. Kxc5 1/2-1/2

[Event "Winnipeg TNT May op"]
[Site "Winnipeg CAN"]
[Date "2004.05.25"]
[Round "4"]
[White "Reimer, Bruce"]
[Black "MacPherson, Al"]
[Result "0-1"]
[WhiteElo "1357"]
[BlackElo "1669"]
[PlyCount "92"]
[GameId "2160767911158288"]
[EventDate "2004.05.04"]
[EventType "swiss"]
[EventRounds "4"]
[EventCountry "CAN"]
[SourceTitle "EXT 2005"]
[Source "ChessBase"]
[SourceDate "2004.11.15"]
[SourceVersion "1"]
[SourceVersionDate "2004.11.15"]
[SourceQuality "1"]

1. c4 c5 2. g3 Nf6 3. Bg2 d5 4. cxd5 Nxd5 5. Nc3 e6 6. e3 Nc6 7. d4 cxd4 8. exd4 Bb4 9. Nge2 O-O 10. O-O Re8 11. Qc2 Nf6 12. a3 Ba5 13. Be3 Ne7 14. Ne4 Ned5 15. Bg5 Qc7 16. Qxc7 Bxc7 17. Nxf6+ Nxf6 18. Bxf6 gxf6 19. Rac1 Bd6 20. Nc3 Bd7 21. b4 Rab8 22. Ne4 Be7 23. Nc5 Bc8 24. Rfd1 b6 25. Nb3 Bd6 26. d5 e5 27. Nd2 Rd8 28. Ne4 Kg7 29. Nxd6 Rxd6 30. Rc6 Rd7 31. d6 Ba6 32. Rc7 Rbd8 33. Rxd7 Rxd7 34. Bh3 Rd8 35. a4 Bc4 36. d7 Be6 37. Kg2 f5 38. Kf3 Rxd7 39. Rxd7 Bxd7 40. a5 Kg6 41. g4 fxg4+ 42. Bxg4 f5 43. Bh3 Kg5 44. Bg2 Bc6+ 45. Kg3 f4+ 46. Kh3 Bd7# 0-1

[Event "Winnipeg TNT May op"]
[Site "Winnipeg CAN"]
[Date "2004.05.25"]
[Round "4"]
[White "Schulz, Waldemar"]
[Black "Czypinski, Jaroslaw"]
[Result "1/2-1/2"]
[WhiteElo "2132"]
[BlackElo "1901"]
[PlyCount "51"]
[GameId "2160767911158289"]
[EventDate "2004.05.04"]
[EventType "swiss"]
[EventRounds "4"]
[EventCountry "CAN"]
[SourceTitle "EXT 2005"]
[Source "ChessBase"]
[SourceDate "2004.11.15"]
[SourceVersion "1"]
[SourceVersionDate "2004.11.15"]
[SourceQuality "1"]

1. d4 b6 2. c4 Bb7 3. Nc3 e6 4. Nf3 Bb4 5. Bd2 Nf6 6. e3 O-O 7. Be2 c5 8. O-O d5 9. a3 Bxc3 10. Bxc3 Ne4 11. Rc1 Nxc3 12. Rxc3 cxd4 13. Nxd4 Nc6 14. Nxc6 Bxc6 15. Bf3 Rc8 16. cxd5 Bxd5 17. Rxc8 Qxc8 18. Bxd5 exd5 19. Qd2 Qf5 20. Rd1 Rc8 21. Rc1 Rxc1+ 22. Qxc1 Qe4 23. f3 Qc4 24. Qd2 f6 25. Kf2 Kf7 26. Qe2 1/2-1/2

[Event "Winnipeg TNT May op"]
[Site "Winnipeg CAN"]
[Date "2004.05.25"]
[Round "4"]
[White "Zaczek, Jonathon"]
[Black "Lipnowski, Samuel"]
[Result "0-1"]
[WhiteElo "1924"]
[BlackElo "2110"]
[PlyCount "62"]
[GameId "2160767911158290"]
[EventDate "2004.05.04"]
[EventType "swiss"]
[EventRounds "4"]
[EventCountry "CAN"]
[SourceTitle "EXT 2005"]
[Source "ChessBase"]
[SourceDate "2004.11.15"]
[SourceVersion "1"]
[SourceVersionDate "2004.11.15"]
[SourceQuality "1"]

1. e4 c5 2. Nf3 e6 3. d4 cxd4 4. Nxd4 a6 5. Bd3 Bc5 6. Nb3 Be7 7. c4 d6 8. O-O Nd7 9. f4 Qc7 10. Qe2 Ngf6 11. Nc3 b6 12. Be3 Bb7 13. Rac1 O-O 14. Nd2 Rac8 15. a3 Qb8 16. b4 Rfe8 17. g4 d5 18. g5 Nxe4 19. Ndxe4 dxe4 20. Nxe4 f5 21. gxf6 Nxf6 22. Nxf6+ Bxf6 23. Bxb6 Qd6 24. Be3 Qc6 25. Qg4 Bh4 26. Bxh7+ Kh8 27. Be4 Qxe4 28. Qxh4+ Kg8 29. Qg3 Red8 30. Rfd1 Rxd1+ 31. Rxd1 Qh1+ 0-1

[Event "Winnipeg TNT Oct op"]
[Site "Winnipeg CAN"]
[Date "2004.10.05"]
[Round "1"]
[White "Anderson, George"]
[Black "Czypinski, Jaroslaw"]
[Result "0-1"]
[WhiteElo "1473"]
[BlackElo "1926"]
[PlyCount "104"]
[GameId "2160767911061039"]
[EventDate "2004.10.05"]
[EventType "swiss"]
[EventRounds "4"]
[EventCountry "CAN"]
[SourceTitle "EXT 2006"]
[Source "ChessBase"]
[SourceDate "2005.11.24"]
[SourceVersion "1"]
[SourceVersionDate "2005.11.24"]
[SourceQuality "1"]

1. e4 e5 2. Nf3 Nc6 3. d4 exd4 4. c3 dxc3 5. Bc4 d5 6. Bxd5 Be6 7. Nxc3 Nf6 8. O-O Be7 9. Qb3 Qc8 10. Bf4 Nh5 11. Be5 O-O 12. Bxe6 fxe6 13. Nb5 a6 14. Nbd4 Nxe5 15. Nxe5 Bd6 16. Nef3 Kh8 17. e5 Be7 18. Nxe6 Re8 19. Neg5 Bxg5 20. Nxg5 h6 21. Nf7+ Kh7 22. Rfe1 Re6 23. Qh3 g6 24. Qe3 Qf8 25. Qf3 Kg7 26. Nxh6 Qxf3 27. gxf3 Kxh6 28. Rad1 Rae8 29. Rd7 R8e7 30. Rxe7 Rxe7 31. Kg2 Nf4+ 32. Kg3 Nd3 33. Re2 Nxe5 34. f4 Nc6 35. Rd2 Kg7 36. h4 Kf6 37. Kg4 Nb4 38. a3 Nc6 39. b4 Na7 40. Rb2 Nb5 41. a4 Nc3 42. a5 Rd7 43. Rc2 Rd3 44. f3 Nd5 45. b5 axb5 46. Rc5 b4 47. Rb5 Ne3+ 48. Kg3 Nf5+ 49. Kg4 Rxf3 50. Rxf5+ gxf5+ 51. Kxf3 b3 52. h5 b2 0-1

[Event "Winnipeg TNT Oct op"]
[Site "Winnipeg CAN"]
[Date "2004.10.05"]
[Round "1"]
[White "Cheyne, Andrew"]
[Black "Hogeveen Rutter, Alexander"]
[Result "0-1"]
[WhiteElo "1158"]
[BlackElo "1739"]
[PlyCount "56"]
[GameId "2160767911061040"]
[EventDate "2004.10.05"]
[EventType "swiss"]
[EventRounds "4"]
[EventCountry "CAN"]

1. e4 c5 2. Nf3 Nc6 3. Nc3 d6 4. Bc4 Nf6 5. d3 Bg4 6. h3 Bh5 7. Bf4 e6 8. Qd2 Be7 9. g4 Bg6 10. O-O-O Nd7 11. d4 cxd4 12. Nxd4 Nxd4 13. Qxd4 e5 14. Qd5 exf4 15. Nb5 Nc5 16. f3 O-O 17. h4 Bxh4 18. Nxd6 b6 19. Nf5 Bf6 20. Rh2 Bxf5 21. Qxf5 g6 22. Qxf4 Bxb2+ 23. Kxb2 Qxd1 24. Qh6 Qd4+ 25. c3 Na4+ 26. Kb1 Qg7 27. f4 Nxc3+ 28. Kc2 Qxh6 0-1

[Event "Winnipeg TNT Oct op"]
[Site "Winnipeg CAN"]
[Date "2004.10.05"]
[Round "1"]
[White "Essery, Richard"]
[Black "Rumpel, Chris"]
[Result "1-0"]
[WhiteElo "1721"]
[BlackElo "1559"]
[PlyCount "56"]
[GameId "2160767911061041"]
[EventDate "2004.10.05"]
[EventType "swiss"]
[EventRounds "4"]
[EventCountry "CAN"]

1. e4 e6 2. d4 d5 3. Nd2 c5 4. c3 Nc6 5. Ngf3 Qb6 6. exd5 exd5 7. Qe2+ Be7 8. dxc5 Qxc5 9. Nb3 Qd6 10. g3 Nf6 11. Nfd4 Bg4 12. f3 Bh5 13. Bf4 Qd7 14. h4 Nxd4 15. Nxd4 h6 16. Bh3 Qa4 17. Nf5 Qe4 18. Nxg7+ Kf8 19. Qxe4 dxe4 20. Nxh5 Nxh5 21. fxe4 Nxf4 22. gxf4 Bxh4+ 23. Ke2 Ke7 24. Rad1 Rad8 25. Rd4 Bf6 26. e5 Bg7 27. Rhd1 Rxd4 28. cxd4 Rc8 1-0

[Event "Winnipeg TNT Oct op"]
[Site "Winnipeg CAN"]
[Date "2004.10.05"]
[Round "1"]
[White "Lafreniere, Adrian"]
[Black "Reimer, Bruce"]
[Result "1-0"]
[WhiteElo "1782"]
[BlackElo "1344"]
[PlyCount "83"]
[GameId "2160767911061042"]
[EventDate "2004.10.05"]
[EventType "swiss"]
[EventRounds "4"]
[EventCountry "CAN"]
[SourceTitle "EXT 2006"]
[Source "ChessBase"]
[SourceDate "2005.11.24"]
[SourceVersion "1"]
[SourceVersionDate "2005.11.24"]
[SourceQuality "1"]

1. c4 b6 2. Nc3 Bb7 3. e4 c5 4. d3 e6 5. Be3 f5 6. f3 Nc6 7. Qd2 Nf6 8. g3 Be7 9. Bg2 fxe4 10. fxe4 Ng4 11. Nf3 Nxe3 12. Qxe3 O-O 13. O-O d6 14. a3 Qd7 15. Rad1 Bf6 16. Qd2 a6 17. Bh3 Nd4 18. Nxd4 Bxd4+ 19. Kh1 Qe7 20. Ne2 Rxf1+ 21. Rxf1 Bf6 22. Nf4 Bg5 23. Qc3 Bxf4 24. gxf4 e5 25. fxe5 Qxe5 26. Qxe5 dxe5 27. Be6+ Kh8 28. Rf7 Bc6 29. Rc7 Ba4 30. Rb7 b5 31. Rc7 bxc4 32. Bxc4 Bb5 33. Rxc5 Bxc4 34. dxc4 Re8 35. b4 Kg8 36. Kg2 Re6 37. a4 Kf7 38. b5 axb5 39. cxb5 Ke8 40. a5 Kd8 41. a6 Re7 42. b6 1-0

[Event "Winnipeg TNT Oct op"]
[Site "Winnipeg CAN"]
[Date "2004.10.05"]
[Round "1"]
[White "Proulx, Roy"]
[Black "Khedkar, Jay S"]
[Result "1/2-1/2"]
[WhiteElo "1695"]
[BlackElo "1948"]
[PlyCount "25"]
[GameId "2160767911061043"]
[EventDate "2004.10.05"]
[EventType "swiss"]
[EventRounds "4"]
[EventCountry "CAN"]
[SourceTitle "EXT 2006"]
[Source "ChessBase"]
[SourceDate "2005.11.24"]
[SourceVersion "1"]
[SourceVersionDate "2005.11.24"]
[SourceQuality "1"]

1. d4 d5 2. c4 e6 3. Nc3 Nf6 4. Nf3 Nbd7 5. cxd5 exd5 6. Qc2 Bb4 7. a3 Bxc3+ 8. bxc3 O-O 9. Bg5 Re8 10. e3 c6 11. Bd3 Qa5 12. Bxf6 Nxf6 13. Ne5 1/2-1/2

[Event "Winnipeg TNT Oct op"]
[Site "Winnipeg CAN"]
[Date "2004.10.05"]
[Round "1"]
[White "Rutter, Blair"]
[Black "Lauritson, Jim"]
[Result "1/2-1/2"]
[WhiteElo "1662"]
[BlackElo "1932"]
[PlyCount "52"]
[GameId "2160767911061044"]
[EventDate "2004.10.05"]
[EventType "swiss"]
[EventRounds "4"]
[EventCountry "CAN"]
[SourceTitle "EXT 2006"]
[Source "ChessBase"]
[SourceDate "2005.11.24"]
[SourceVersion "1"]
[SourceVersionDate "2005.11.24"]
[SourceQuality "1"]

1. c4 b6 2. Nc3 Bb7 3. e4 g6 4. d4 Bg7 5. Nf3 e6 6. Bd3 Ne7 7. Be3 O-O 8. O-O d6 9. Qc2 Nd7 10. Rad1 a6 11. Qc1 f5 12. Ng5 Rf6 13. f4 e5 14. dxe5 dxe5 15. exf5 Nxf5 16. Bxf5 Rxf5 17. g4 exf4 18. Bxf4 Rf8 19. Ne6 Qh4 20. Nxf8 Qxg4+ 21. Bg3 Bd4+ 22. Rxd4 Qxd4+ 23. Rf2 Rxf8 24. Qe1 Rxf2 25. Bxf2 Qg4+ 26. Bg3 Qd4+ 1/2-1/2